Library of the University of Algiers 3
Ibrahim Sultan Cheibout
شعار جامعة الجزائر 3
مكتبة جامعة الجزائر 3
إبراهيم سلطان شيبوط

البورصة : (رقم التسجيلة. 43734)

تفاصيل مارك
000 -LEADER
fixed length control field 01789nam a2200193Ia 4500
003 - CONTROL NUMBER IDENTIFIER
control field Ost
005 - DATE AND TIME OF LATEST TRANSACTION
control field 20260507075255.0
008 - FIXED-LENGTH DATA ELEMENTS--GENERAL INFORMATION
fixed length control field 260507s9999||||xx |||||||||||||| ||und||
040 ## - CATALOGING SOURCE
Transcribing agency fsecg
041 ## - LANGUAGE CODE
Language code of text/sound track or separate title ara
082 ## - DEWEY DECIMAL CLASSIFICATION NUMBER
Classification number 330
100 ## - MAIN ENTRY--PERSONAL NAME
Personal name يوسف ياسين، محمد
Relator term مؤلف
245 #0 - TITLE STATEMENT
Title البورصة :
Remainder of title عمليات البورصة ، تنازع القوانين ، إختصاص المحاكم /
Statement of responsibility, etc. محمد يوسف ياسين
260 ## - PUBLICATION, DISTRIBUTION, ETC.
Place of publication, distribution, etc. بيروت:
Name of publisher, distributor, etc. منشوعات الحلبي الحقوقية,
Date of publication, distribution, etc. 2004
300 ## - PHYSICAL DESCRIPTION
Extent 327 صفحة؛
Dimensions 24 سم
520 ## - SUMMARY, ETC.
Summary, etc. سوق رأس المال و دراسة البورصة و المؤسسات المالية من الناحية الاقتصادية مع نظام البورصة في سوق الصكوك المالية و سوق المعادن غير الحديدية و المعادن الثمينة و المواد الأولية و العملات كما تم تناول تشكيل لجنة البورصة و عزل أعضائها و صلاحيات لجنة البورصة و أعضائها مع أداب السلوك المهني كما تم التطرق الى الشركات المساهمة في البورصة ، المصارف العاملة في لبنان و المشتركون في البورصة و كذلك مهنة الوساطة ، الوسطاء في البورصة و مستخدمو الوسطاء و مؤسسات الوساطة المالية مع مصدرو الصكوك المالية في البورصة و عمليات هذه الاخيرة و كذلك الصفقات المباشرة و عمليات البورصة عبر الانترنيت و أخيرا القوانين المطبقة على البورصة و الاختصاص القضائي.
653 ## - INDEX TERM--UNCONTROLLED
Uncontrolled term الأسواق المالية
942 ## - ADDED ENTRY ELEMENTS (KOHA)
Koha item type كتب
المقتنيات
Withdrawn status Lost status Source of classification or shelving scheme Damaged status Not for loan Home library Current library Date acquired Serial enumeration / chronology Inventory number Total checkouts Full call number Barcode Date last seen Price effective from Koha item type
    Dewey Decimal Classification   NOT LOAN / إعارة داخلية مكتبة كلية العلوم الإقتصادية والعلوم التجارية وعلوم التسيير مكتبة كلية العلوم الإقتصادية والعلوم التجارية وعلوم التسيير 07/05/2026 الطابق الأرضي 2011/6092   أ/3754ن1 2011/6092 07/05/2026 07/05/2026 كتب
    Dewey Decimal Classification   Available مكتبة كلية العلوم الإقتصادية والعلوم التجارية وعلوم التسيير مكتبة كلية العلوم الإقتصادية والعلوم التجارية وعلوم التسيير 07/05/2026 الطابق الأرضي 2011/6093   أ/3754ن2 2011/6093 07/05/2026 07/05/2026 كتب
    Dewey Decimal Classification   Available مكتبة كلية العلوم الإقتصادية والعلوم التجارية وعلوم التسيير مكتبة كلية العلوم الإقتصادية والعلوم التجارية وعلوم التسيير 07/05/2026 الطابق الثاني 2011/6094   أ/3754ن3 2011/6094 07/05/2026 07/05/2026 كتب

موارد الويب المفتوحة


© University of Algiers 3 All Rights Reserved
|
Implemented by LECHELAH Riad